[Event "Challenge"]
[Site "http://www.queenalice.com/game.php?id=174500"]
[Date "2007.2.27"]
[Round "-"]
[White "maresia007"]
[Black "Adilson_Feitoza"]
[Result "0-1"]
[WhiteElo "1132"]
[BlackElo "1739"]

1. f4 d5 2. d4 Nf6 3. c3 e6 4. Nh3 Nc6 5. a3 Bd6 6. Qa4 Bd7 7. f5 exf5 8. b3 Nb8
9. Qa5 b6 10. Qa4 Bxa4 11. bxa4 Qd7 12. Ra2 Ng4 13. e3 O-O 14. Bb5 Qe7 15. Re2
Bxh2 16. Rxh2 Nxh2 0-1

[Event "Invitation"]
[Site "http://www.queenalice.com/game.php?id=182224"]
[Date "2007.3.15"]
[Round "-"]
[White "spiazzi"]
[Black "Adilson_Feitoza"]
[Result "0-1"]
[WhiteElo "1478"]
[BlackElo "1100"]

1. e4 e5 2. Nf3 Nc6 3. Bc4 Nf6 4. Nc3 Nxe4 5. Nxe4 d5 6. Bxd5 Qxd5 7. Qe2 Bg4 8.
c4 Qd7 9. a3 Nd4 10. Qd3 Nxf3+ 11. Ke2 Ne1+ 12. Kxe1 Qxd3 13. f3 Bf5 14. Nc5
Bxc5 15. Rf1 Be6 16. b4 Bxc4 17. Rh1 Qe2# 0-1

[Event "Agora eu Ganho"]
[Site "http://www.queenalice.com/game.php?id=183322"]
[Date "2007.3.17"]
[Round "-"]
[White "spiazzi"]
[Black "Adilson_Feitoza"]
[Result "0-1"]
[WhiteElo "1478"]
[BlackElo "1489"]

1. e4 e5 2. Qh5 Nc6 3. Bc4 Qe7 4. Nf3 Nf6 5. Qh4 Qc5 6. d3 Na5 7. b3 Nxc4 8.
dxc4 d5 9. Be3 d4 10. Bd2 Bg4 11. b4 Qxc4 12. Na3 Qa6 13. Bc1 Bxb4+ 14. Kd1 Nxe4
15. Bb2 g5 16. Qxg5 Nxg5 17. Kc1 Nxf3 18. gxf3 Bxf3 19. Rg1 Be4 20. Rg5 Qf1# 0-1

[Event "Japaguei"]
[Site "http://www.queenalice.com/game.php?id=186740"]
[Date "2007.3.23"]
[Round "-"]
[White "t0shiz"]
[Black "Adilson_Feitoza"]
[Result "0-1"]
[WhiteElo "1100"]
[BlackElo "1619"]

1. Nc3 e5 2. Nf3 Nc6 3. a3 d5 4. d3 Bg4 5. e4 dxe4 6. dxe4 Qxd1+ 7. Nxd1 Bxf3 8.
gxf3 Nd4 9. Bd3 Nxf3+ 10. Ke2 Nd4+ 11. Kd2 O-O-O 12. b4 f5 13. Re1 Nf3+ 14. Ke2
Nxe1 15. exf5 Nxd3 16. cxd3 Ne7 17. Ne3 Nc6 18. b5 Nd4+ 19. Ke1 Nb3 20. Rb1 Nd4
21. Bb2 Nf3+ 22. Ke2 Nd4+ 23. Kd2 Nf3+ 24. Kc2 Bc5 25. Kc3 Bd4+ 26. Kc4 Nd2+ 27.
Kb4 Nxb1 28. Bxd4 Rxd4+ 29. Nc4 Rf8 30. a4 Rxf5 31. a5 Nd2 32. f3 Rxf3 33. b6
Rfxd3 34. bxa7 Rxc4+ 35. Kb5 Rb3# 0-1

[Event "Desafio"]
[Site "http://www.queenalice.com/game.php?id=188239"]
[Date "2007.3.26"]
[Round "-"]
[White "rrenato"]
[Black "Adilson_Feitoza"]
[Result "0-1"]
[WhiteElo "1678"]
[BlackElo "1619"]

1. e4 e5 2. Nf3 f5 3. Nc3 Nc6 4. d4 Bb4 5. Bd2 exd4 6. Nb5 fxe4 7. Nfxd4 Bxd2+
8. Qxd2 Nf6 9. Qf4 Nxd4 10. Nxc7+ Kf7 11. Bc4+ Kg6 12. O-O-O b5 13. Nxa8 bxc4
14. Rxd4 Bb7 15. Nc7 d5 16. Rhd1 Qb8 17. g3 Rc8 18. Nb5 Qxf4+ 19. gxf4 Rc6 20.
Rg1+ Kf7 21. Nxa7 Rc5 22. a4 Ra5 23. Nb5 Rxa4 24. Kb1 Bc6 25. Nc3 Ra7 26. b3
cxb3 27. cxb3 Ke6 28. Kb2 Nh5 29. Ne2 Bb5 30. Rg5 Bxe2 31. Re5+ Kf7 32. Rexd5
Nf6 33. Re5 Bf3 34. f5 Ng4 35. Red5 Nxf2 36. h4 e3 37. Rd6 e2 38. Re6 Re7 39.
Rf4 Nd3+ 0-1

[Event "Sneeze"]
[Site "http://www.queenalice.com/game.php?id=191379"]
[Date "2007.4.3"]
[Round "-"]
[White "spiazzi"]
[Black "Adilson_Feitoza"]
[Result "1-0"]
[WhiteElo "1558"]
[BlackElo "1778"]

1. e4 e5 2. Nf3 Nc6 3. d3 Nf6 4. Bg5 d5 5. exd5 Qxd5 6. c4 Bb4+ 7. Bd2 Qd6 8. a3
Bc5 9. h3 Be6 10. b4 Bd4 11. Ra2 a6 12. Be2 O-O 13. O-O Bf5 14. Nh4 Bd7 15. c5
Qe6 16. Rc2 a5 17. b5 Ne7 18. a4 c6 19. b6 Qb3 20. g4 Qxa4 21. g5 Nfd5 22. Ng2
Bxh3 23. Bf3 Qb3 24. Nc3 Nb4 25. Rc1 Qxd1 26. Nxd1 Nxd3 27. Be3 Nxc1 28. Bxc1
Bxc5 29. Re1 Ng6 30. Be3 1-0

[Event "Possível Revanche"]
[Site "http://www.queenalice.com/game.php?id=191602"]
[Date "2007.4.4"]
[Round "-"]
[White "rrenato"]
[Black "Adilson_Feitoza"]
[Result "0-1"]
[WhiteElo "1696"]
[BlackElo "1676"]

1. c4 e5 2. d3 Nf6 3. Bg5 Nc6 4. Nc3 Bb4 5. Nf3 d5 6. a3 Bxc3+ 7. bxc3 dxc4 8.
d4 exd4 9. cxd4 O-O 10. e3 Be6 11. Bxf6 Qxf6 12. Be2 Bd5 13. O-O Rae8 14. h4 b5
15. Ng5 a6 16. Qc2 Qg6 17. Qxg6 fxg6 18. h5 Nxd4 19. Bg4 gxh5 20. Bxh5 Re5 21.
Rad1 Rxg5 22. e4 Bxe4 23. Rxd4 Rxg2+ 24. Kh1 Rgxf2+ 0-1

[Event "Challenge"]
[Site "http://www.queenalice.com/game.php?id=195631"]
[Date "2007.4.12"]
[Round "-"]
[White "rrenato"]
[Black "Adilson_Feitoza"]
[Result "1-0"]
[WhiteElo "1727"]
[BlackElo "1801"]

1. e3 d5 2. c4 Nc6 3. cxd5 Qxd5 4. Nc3 Qa5 5. Nf3 e5 6. Qb3 Bd6 7. Bc4 Nh6 8.
Ng5 O-O 9. Bd3 g6 10. Nd5 Nb4 11. Nxb4 Bxb4 12. a3 Be7 13. Nf3 Rb8 14. Qc3 Qxc3
15. dxc3 Rd8 16. Bc2 f6 17. h3 Be6 18. e4 Nf7 19. Be3 b6 20. O-O Nd6 21. Rad1
Nc4 22. Bc1 Kf7 23. Kh1 b5 24. Bd3 Kg7 25. b4 a5 26. Rg1 axb4 27. axb4 c5 28.
bxc5 Bxc5 29. Rgf1 1-0

[Event "Challenge"]
[Site "http://www.queenalice.com/game.php?id=196049"]
[Date "2007.4.13"]
[Round "-"]
[White "Kronista"]
[Black "Adilson_Feitoza"]
[Result "0-1"]
[WhiteElo "1651"]
[BlackElo "1750"]

1. e4 e5 2. Nf3 Nc6 3. Bc4 Bc5 4. c3 Nf6 5. d4 exd4 6. cxd4 Bb4+ 7. Bd2 Nxe4 8.
Bxb4 Nxb4 9. Bxf7+ Kxf7 10. Qb3+ d5 11. Qxb4 Rf8 12. O-O Kg8 13. Nbd2 a5 14. Qb5
c6 15. Qd3 Bf5 16. Rae1 Ng3 0-1

[Event "Challenge"]
[Site "http://www.queenalice.com/game.php?id=196054"]
[Date "2007.4.13"]
[Round "-"]
[White "Adilson_Feitoza"]
[Black "Kronista"]
[Result "1-0"]
[WhiteElo "1773"]
[BlackElo "1651"]

1. e4 e5 2. Nf3 Nc6 3. Bb5 a6 4. Ba4 Nf6 5. O-O b5 6. Bb3 d6 7. Ng5 Be6 8. Nxe6
fxe6 9. Bxe6 Nd4 10. Bh3 Be7 11. c3 Nc6 12. Be6 Qb8 13. d4 Nd8 14. Bb3 Qb6 15.
Be3 c5 16. Nd2 c4 17. dxe5 1-0

[Event "ô ô ô .. c é de salto??"]
[Site "http://www.queenalice.com/game.php?id=197880"]
[Date "2007.4.16"]
[Round "-"]
[White "Adilson_Feitoza"]
[Black "pabloitu"]
[Result "1-0"]
[WhiteElo "1795"]
[BlackElo "1364"]

1. e4 e6 2. d4 Nc6 3. c3 e5 4. d5 Na5 5. b4 Qf6 6. bxa5 Bc5 7. Nf3 d6 8. Nbd2 g5
9. Qa4+ Bd7 10. Bb5 c6 11. dxc6 bxc6 12. Bxc6 O-O-O 13. Qb5 Bb6 14. Qa6+ Kc7 15.
Qb7# 1-0

[Event "Challenge"]
[Site "http://www.queenalice.com/game.php?id=199579"]
[Date "2007.4.20"]
[Round "-"]
[White "Hugo_Gtz"]
[Black "Adilson_Feitoza"]
[Result "1-0"]
[WhiteElo "1754"]
[BlackElo "1748"]

1. Nc3 d5 2. d4 Bf5 3. Nf3 Nc6 4. Bg5 h6 5. Bh4 Nb4 6. Rc1 g5 7. Bg3 Nf6 8. a3
Nc6 9. e3 e6 10. h3 Bd6 11. Be5 Bxe5 12. dxe5 Ne4 13. Nxe4 dxe4 14. Nd4 Nxe5 15.
Nxf5 exf5 16. Qxd8+ Rxd8 17. Bb5+ Ke7 18. O-O Rd6 19. c4 Rd2 20. b4 a6 21. Ba4
Rd3 22. Rfd1 Rxa3 23. Ra1 Rxa1 24. Rxa1 Nd3 25. b5 axb5 26. Bxb5 c6 27. Ba4 Ra8
28. Kf1 Nb2 29. Bb3 Rxa1+ 30. Ke2 Kd6 31. f3 Kc5 32. fxe4 fxe4 33. Kf2 Kb4 34.
Bc2 Nxc4 35. Bxe4 Ra2+ 36. Kg3 Nxe3 37. Bh7 Nxg2 38. Bg8 1-0

[Event "Challenge"]
[Site "http://www.queenalice.com/game.php?id=199700"]
[Date "2007.4.20"]
[Round "-"]
[White "technicaldraw"]
[Black "Adilson_Feitoza"]
[Result "1-0"]
[WhiteElo "2025"]
[BlackElo "1834"]

1. e4 e5 2. Nf3 Nc6 3. Bb5 g6 4. O-O Nge7 5. Bxc6 Nxc6 6. d4 exd4 7. Nxd4 Bg7 8.
c3 O-O 9. Be3 d5 10. Nxc6 bxc6 11. Nd2 Re8 12. exd5 cxd5 13. Nb3 a5 14. a4 Ba6
15. Re1 Bc4 16. Nd4 c5 17. Nf3 Qb6 18. Qd2 1-0

[Event "Challenge"]
[Site "http://www.queenalice.com/game.php?id=199701"]
[Date "2007.4.20"]
[Round "-"]
[White "Adilson_Feitoza"]
[Black "technicaldraw"]
[Result "1-0"]
[WhiteElo "1795"]
[BlackElo "2062"]

1. e4 c6 2. d4 d5 3. e5 Bf5 4. c4 e6 5. Nc3 Bb4 6. cxd5 exd5 7. Bd3 Bxd3 8. Qxd3
Ne7 9. Ne2 Ng6 10. O-O O-O 11. Qh3 Nd7 12. a3 Be7 13. Be3 Re8 14. f4 Nb6 15. f5
Nh8 16. Qg3 Nc4 17. f6 Bxf6 18. exf6 1-0

[Event "Tobisha"]
[Site "http://www.queenalice.com/game.php?id=202963"]
[Date "2007.4.27"]
[Round "-"]
[White "t0shiz"]
[Black "Adilson_Feitoza"]
[Result "0-1"]
[WhiteElo "1258"]
[BlackElo "1748"]

1. d4 d5 2. Nc3 Nf6 3. f3 Nc6 4. e3 e5 5. e4 exd4 6. exd5 Nxd5 7. Nxd5 Qxd5 8.
c3 Bc5 9. a3 O-O 10. b3 Re8+ 11. Ne2 Na5 12. c4 Qe5 13. f4 Qe4 14. b4 Nxc4 15.
bxc5 d3 16. Ra2 Bg4 17. h3 dxe2 18. Bxe2 Bxe2 19. Rxe2 Qxg2 20. Rf1 Rad8 21.
Qxd8 Qxe2# 0-1